00363pab a2200133 454500008004000000100001900040245007000059260000900129300001100138362001100149650002300160700002600183773002000209180718b2017 xxu||||| |||| 00| 0 eng d aKaptan, Sanjay aDeveloping skill based economy: towards making India a superpower c2017 ap.5-9. a03 Apr aSkills development aKore, Anand Suryabhan aUniversity News